Diagnóstico de la ciencia y la tecnología en ramas seleccionadas del sector industrial en Nicaragua

En el presente estudio se valoran los parámetros que intervienen en el nivel de desarrollo en Nicaragua de la variable ciencia y tecnología. Estos parámetros son evaluados en tres centros de educación superior del sector académico y en quince empresas del sector industrial, constituyendo ambos...

Full description

Bibliographic Details
Main Author: Zamora Rocha, Miriam Graciela
Other Authors: Tutor: Gómez Jiménez, Oscar Manuel
Format: Tesis Section = Libro
Language:Undetermined
Spanish
Published: Managua UNI 1996
Subjects:
LEADER 01537nam a2200217Ia 4500
008 240830s9999 xx 000 0 und d
040 |a BIBLIOTECA-RUSB/ Mon 660.2 Z25 
041 |a spa 
082 |a Mon 660.2 Z25 
100 1 |a Zamora Rocha, Miriam Graciela 
245 1 0 |a Diagnóstico de la ciencia y la tecnología en ramas seleccionadas del sector industrial en Nicaragua 
260 |a Managua  |b UNI  |c 1996 
300 |a p. irreg. :il. 
502 |a Tesis (Ingeniero Químico) - UNI, 1996. 
520 3 |a En el presente estudio se valoran los parámetros que intervienen en el nivel de desarrollo en Nicaragua de la variable ciencia y tecnología. Estos parámetros son evaluados en tres centros de educación superior del sector académico y en quince empresas del sector industrial, constituyendo ambos sectores, la oferta y la demanda científica y tecnológica de mayor preponderancia. Analiza aspectos fundamentales que se ven involucrados de forma directa en el nivel de desarrollo del campo corresponde a la ciencia y la tecnología, estos factores son los recursos humanos, financieros, infraestructura e investigación y desarrollo, otro aspecto que se analiza es el tipo y naturaleza de las relaciones entre la empresa y la universidad. Aborda la situación particular de la Ingeniería Química y su importancia para el desarrollo del país. 
650 7 |a INGENIERIA QUIMICA 
650 7 |b  INDUSTRIA QUIMICA 
700 1 |a Tutor:  |b Gómez Jiménez, Oscar Manuel 
942 |c BK  |2 ddc 
991 |a TESIS 
999 |c 20634